00696nam a22002417a 4500003000500000005001700005008004100022010001000063011001000073035001000083040000900093082001500102100002500117245002400142260004200166300002000208490006400228650003100292650002600323700001800349700002300367830006400390CHAP20220329134245.0971013s1980 r 00010 d a17713 a18685 a22770 cCHAP a595.7bB5300aBlackman, R. L.eed. aInsect cytogenetics aOxford :bBlackwell scientific,c1980 a278 p.b: ilus. aSymposia of the Royal Entomological Society of Londonv; 1014aCitogenéticaxCongresos.14aInsectosxGenética.0 aAshburner, M.0 aHewitt, G. M.eed.0 aSymposia of the Royal Entomological Society of Londonv; 10